Die kriminalistische Bedeutung der "Knebelung" bei aus dem Wasser geborgenen Selbstmördern

Elmentve itt :
Bibliográfiai részletek
Szerzők: Kósa Ferenc
Virágos Kis Erzsébet
Földes Vilmos
Dokumentumtípus: Cikk
Megjelent: 1980
Sorozat:Kolligátum
Kulcsszavak:Igazságügyi orvostan, Öngyilkosság, Kriminalisztika
Online Access:http://misc.bibl.u-szeged.hu/26358
LEADER 00703nab a2200193 i 4500
001 misc26358
005 20191108145854.0
008 170905s1980 hu o 0|| zxx d
040 |a SZTE Miscellanea Repozitórium  |b hun 
041 |a zxx 
100 1 |a Kósa Ferenc 
245 1 4 |a Die kriminalistische Bedeutung der "Knebelung" bei aus dem Wasser geborgenen Selbstmördern  |h [elektronikus dokumentum] /  |c  Kósa Ferenc 
260 |c 1980 
300 |a 140-144 
490 0 |a Kolligátum 
695 |a Igazságügyi orvostan, Öngyilkosság, Kriminalisztika 
700 0 2 |a Virágos Kis Erzsébet  |e aut 
700 0 2 |a Földes Vilmos  |e aut 
856 4 0 |u http://misc.bibl.u-szeged.hu/26358/1/019_005_140-144.pdf  |z Dokumentum-elérés